000 00609nam a2200253Ia 4500
005 20260123122734.0
008 008 260114s9999 xx 000 0 eng d
020 _a9789385985713
037 _aEBOOK
040 _aCRL
040 _beng
040 _cCRL
041 _2eng
041 _aeng
084 _qCRL
100 _aSteve Derne
_91104987
245 0 _aSociology of Well-being
260 _bSAGE
260 _c2016
856 _uhttps://evidya.sagepub.in/library/sociology-of-well-being?bookId=3603&siteName=evidya
942 _cEBOOK
999 _c1670223
_d1670223